00802nam a2200253Ia 4500008004100000020001500041050000800056050000900064100001900073245002300092245007800115260001300193260003000206260000900236300001500245300002600260300001100286650002700297650002900324650004400353650002200397999001900419952011000438170203s9999 xx 000 0 und d a276411575x aFic bW835 aFonte, Isabel. 4aThe wizard of Oz / cadaptation by Isabel Fonte and illustrations by Georgeta Pusztai and Zapp aCanada : bTormont Publications Inc. c2003 a24 pages : bcolor illustrations : c24 cm. aChildren's literature. aOz (Imaginary place) --  aWizard, -- of Oz (Fictitious character) xJuvenile fiction. c306474d306474 001040aSSISBbSSISBcGS FICTIONd2017-02-03l0oFic .W835pLS-0174r2017-02-03 00:00:00w2017-02-03yBK